<?xml version="1.0" encoding="UTF-8"?>
<record
    xmlns:xsi="http://www.w3.org/2001/XMLSchema-instance"
    xsi:schemaLocation="http://www.loc.gov/MARC21/slim http://www.loc.gov/standards/marcxml/schema/MARC21slim.xsd"
    xmlns="http://www.loc.gov/MARC21/slim">

  <leader>01943cam a22003738i 4500</leader>
  <controlfield tag="001">MEB002866</controlfield>
  <controlfield tag="005">20150128143317.0</controlfield>
  <controlfield tag="008">130926s2014    nyu           000 0 eng  </controlfield>
  <datafield tag="010" ind1=" " ind2=" ">
    <subfield code="a">2013038907</subfield>
  </datafield>
  <datafield tag="020" ind1=" " ind2=" ">
    <subfield code="a">9780071800532 (hbk. : alk. paper)</subfield>
  </datafield>
  <datafield tag="035" ind1=" " ind2=" ">
    <subfield code="a">(DNLM)101617874</subfield>
  </datafield>
  <datafield tag="040" ind1=" " ind2=" ">
    <subfield code="a">DNLM/DLC</subfield>
    <subfield code="c">DLC</subfield>
    <subfield code="e">rda</subfield>
  </datafield>
  <datafield tag="042" ind1=" " ind2=" ">
    <subfield code="a">pcc</subfield>
  </datafield>
  <datafield tag="050" ind1="0" ind2="0">
    <subfield code="a">RM 263</subfield>
    <subfield code="b">.P494 2014</subfield>
  </datafield>
  <datafield tag="130" ind1="0" ind2=" ">
    <subfield code="a">Pharmacotherapy (New York)</subfield>
  </datafield>
  <datafield tag="245" ind1="1" ind2="0">
    <subfield code="a">Pharmacotherapy :</subfield>
    <subfield code="b">a pathophysiologic approach /</subfield>
    <subfield code="c">[edited] by Joseph T. DiPiro [and five others].</subfield>
  </datafield>
  <datafield tag="250" ind1=" " ind2=" ">
    <subfield code="a">9th edition.</subfield>
  </datafield>
  <datafield tag="260" ind1=" " ind2=" ">
    <subfield code="a">New York :</subfield>
    <subfield code="b">McGraw-Hill Education,</subfield>
    <subfield code="c">c2014.</subfield>
  </datafield>
  <datafield tag="263" ind1=" " ind2=" ">
    <subfield code="a">1402.</subfield>
  </datafield>
  <datafield tag="300" ind1=" " ind2=" ">
    <subfield code="a">xxxviii, 2586 pages :</subfield>
    <subfield code="b">color illustrations ;</subfield>
    <subfield code="c">28 cm.</subfield>
  </datafield>
  <datafield tag="504" ind1=" " ind2=" ">
    <subfield code="a">Includes bibliographical references and index.</subfield>
  </datafield>
  <datafield tag="505" ind1=" " ind2=" ">
    <subfield code="a">Section 1. Cardiovascular disorders --  section 2. Respiratory disorders --  section 3. Gastrointestinal disorders --  section 4. Renal disorders --  section 5. Neurologic disorders --  section 6. Psychiatric disorders --  section 7. Endocrinologic disorders --  section 8. Gynecologic and obstetric disorders --  section 9. Urologic disorders --  section 10. Immunologic disorders --  section 11. Rheumatologic disorders --  section 12. Ophthalmic and otolaryngological disorders --  section 13. Dermatologic disorders --  section 14. Hematologic disorders --  section 15. Infectious diseases --  section 16. Oncologic disorders --  section 17. Nutritional disorders.</subfield>
  </datafield>
  <datafield tag="521" ind1=" " ind2=" ">
    <subfield code="a">Pharmacy</subfield>
  </datafield>
  <datafield tag="650" ind1=" " ind2=" ">
    <subfield code="a">Chemotherapy.</subfield>
  </datafield>
  <datafield tag="650" ind1=" " ind2=" ">
    <subfield code="a">Physiology, Pathological.</subfield>
  </datafield>
  <datafield tag="650" ind1=" " ind2=" ">
    <subfield code="a">Drug therapy.</subfield>
  </datafield>
  <datafield tag="700" ind1="1" ind2=" ">
    <subfield code="a">DiPiro, Joseph T.,</subfield>
    <subfield code="e">editor of compilation.</subfield>
  </datafield>
  <datafield tag="700" ind1="1" ind2=" ">
    <subfield code="a">Talbert, Robert L.,</subfield>
    <subfield code="e">editor of compilation.</subfield>
  </datafield>
  <datafield tag="700" ind1="1" ind2=" ">
    <subfield code="a">Yee, Gary C.,</subfield>
    <subfield code="e">editor of compilation.</subfield>
  </datafield>
  <datafield tag="700" ind1="1" ind2=" ">
    <subfield code="a">Matzke, Gary R.,</subfield>
    <subfield code="e">editor of compilation.</subfield>
  </datafield>
  <datafield tag="700" ind1="1" ind2=" ">
    <subfield code="a">Wells, Barbara G.,</subfield>
    <subfield code="e">editor of compilation.</subfield>
  </datafield>
  <datafield tag="700" ind1="1" ind2=" ">
    <subfield code="a">Posey, L. Michael,</subfield>
    <subfield code="e">editor of compilation.</subfield>
  </datafield>
  <datafield tag="942" ind1=" " ind2=" ">
    <subfield code="2">lcc</subfield>
    <subfield code="c">BK</subfield>
  </datafield>
  <datafield tag="999" ind1=" " ind2=" ">
    <subfield code="c">278912</subfield>
    <subfield code="d">278912</subfield>
  </datafield>
  <datafield tag="952" ind1=" " ind2=" ">
    <subfield code="0">0</subfield>
    <subfield code="1">0</subfield>
    <subfield code="2">lcc</subfield>
    <subfield code="4">0</subfield>
    <subfield code="a">SSLC</subfield>
    <subfield code="b">SSLC-SC</subfield>
    <subfield code="c">NULL</subfield>
    <subfield code="d">2015-01-28</subfield>
    <subfield code="e">Library Fund</subfield>
    <subfield code="l">1</subfield>
    <subfield code="o">RM 263 .P494 2014</subfield>
    <subfield code="p">SSLC1384</subfield>
    <subfield code="r">2018-05-15 00:00:00</subfield>
    <subfield code="s">2018-01-23</subfield>
    <subfield code="w">2015-01-28</subfield>
    <subfield code="y">BK</subfield>
  </datafield>
</record>
